header

Cardinal numerals (Record no. 99625)

MARC details
000 -LEADER
fixed length control field 01413nam a2200349Ia 4500
100 1# - MAIN ENTRY--AUTHOR NAME
Personal name Mengden, Ferdinand von.
245 10 - TITLE STATEMENT
Title Cardinal numerals
260 ## - PUBLICATION, DISTRIBUTION, ETC. (IMPRINT)
Place of publication New York, NY :
Name of publisher Mouton de Gruyter,
Year of publication 2010.
300 ## - PHYSICAL DESCRIPTION
Number of Pages xiii, 329 p.
490 1# - SERIES STATEMENT
Series statement Topics in English linguistics ;
650 #0 - SUBJECT ADDED ENTRY--TOPICAL TERM
Topical Term English language
Topical Term Cardinal numbers.
Topical Term Numeration.
Topical Term Comparative linguistics.
Topical Term Historical linguistics.
856 40 - ELECTRONIC LOCATION AND ACCESS
Uniform Resource Identifier http://site.ebrary.com/lib/rucke/Doc?id=10373588

No items available.

© 2026 Rongo University
Contact us: librarian | system librarian | Rongo university